000 00674nam a2200193Ia 4500
008 151121s9999||||xx |||||||||||||| ||und||
082 _a910/नाडक
082 _bHNW-44324
100 _aनाडकर्णी ज्ञानेश्वर
245 _aविलायती वारी
260 _b"मनीष प्रकाशन, मुंबई।"
260 _c--
300 _a130
600 _aनाडकर्णी ज्ञानेश्वर
630 _aविलायती वारी
700 _aनाडकर्णी ज्ञानेश्वर
730 _aविलायती वारी
942 _cBOOK
999 _c1232033
_d1232030